000 00546nam a2200193Ia 4500
005 20250508164057.0
008 008 250505s9999 xx 000 0 eng d
020 _a0-14-302967-3
037 _aTextual
040 _aFEDL
_beng
_cFEDL
041 _aeng
_2eng
084 _a320.954, BIP
_qFEDL
100 _aBipan Chandra
245 0 _aName of democracy : JP movement and the emergencey
260 _aNew Delhi, India
_bPenguin Books
_c2003
300 _ax,374p.
942 _cTEXL
_h320.954, BIP
999 _c1386934
_d1386934